Cuentos ; (Record no. 187372)
[ view plain ]
| 000 -LEADER | |
|---|---|
| campo de control de longitud fija | 01390nam a2200253 i 4500 |
| 001 - NÚMERO DE CONTROL | |
| campo de control | 187372 |
| 003 - IDENTIFICADOR DE NÚMERO DE CONTROL | |
| campo de control | ES-MaACL |
| 005 - FECHA Y HORA DE LA ÚLTIMA TRANSACCIÓN | |
| campo de control | 20260304122202.0 |
| 008 - DATOS DE LONGITUD FIJA--INFORMACIÓN GENERAL | |
| campo de control de longitud fija | 170628s1908 sp |||| | spa d |
| 080 ## - NÚMERO DE LA CLASIFICACIÓN DECIMAL UNIVERSAL | |
| Número de la Clasificación Decimal Universal | 821.134.2-32"18" |
| 100 1# - ENTRADA PRINCIPAL--NOMBRE DE PERSONA | |
| Nombre de persona | Valera, Juan, |
| Fechas asociadas al nombre | 1824-1905 |
| 9 (RLIN) | 112638 |
| 245 10 - MENCIÓN DEL TÍTULO | |
| Título | Cuentos ; |
| Resto del título | Cuentos y chascarrillos [andaluces] / |
| Mención de responsabilidad, etc. | Juan Valera. |
| 246 3# - FORMA VARIANTE DEL TITULO | |
| Título propio/Titulo breve | Cuentos y chascarrillos andaluces |
| 260 ## - PUBLICACIÓN, DISTRIBUCIÓN, ETC. | |
| Lugar de publicación, distribución, etc. | Madrid : |
| Nombre del editor, distribuidor, etc. | [s.n.], |
| Fecha de publicación, distribución, etc. | 1908 ( |
| Fabricante | Imp. Alemana) |
| 300 ## - DESCRIPCIÓN FÍSICA | |
| Extensión | 355 p. ; |
| Dimensiones | 17 cm. |
| 490 1# - MENCIÓN DE SERIE | |
| Mención de serie | Obras completas ; |
| Designación de volumen o secuencia | 15 |
| 505 8# - NOTA DE CONTENIDO CON FORMATO | |
| Nota de contenido con formato | Contiene: El caballero del azor ; El doble sacrificio ; Los cordobeses en Creta ; El duende-beso ; El último pecado ; El San Vicente Ferrer, de talla ; El cautivo de Doña Mencía ; El maestro Raimundico ; Garuda o la cigüeña blanca . Cuentos y chascarrillos andaluces: Las gafas ; Elocuencia vizcaína ; Los santos de Francia ; Fecundidad de la memoria ; Conversión de un heterodoxo ; Manifestaciones de duelo del Rey de Portugal ; La Reina Madre ; El señor Nichtverstehen ; El famoso cantor Madueira ; El portugués filólogo ; El portugués que llegó a Cádiz... |
| 530 ## - NOTA DISPONIBLE DE FORMULARIO FÍSICO ADICIONAL | |
| Nota de formato físico adicional disponible | Disponible en formato digital. |
| 830 1# - PUNTO DE ACCESO ADICIONAL DE SERIE-TÍTULO UNIFORME | |
| Título uniforme | Obras completas ; |
| Designación de volumen o secuencia | 15 |
| 9 (RLIN) | 176447 |
| 852 ## - LOCALIZACIÓN | |
| Ubicación | ES-MaACL |
| Número de control de estantería | B-2860 |
| Ubicación en estantería | Sala Pardo Bazán |
| 856 4# - LOCALIZACIÓN Y ACCESO ELECTRÓNICOS | |
| Identificador Uniforme de Recursos | <a href="http://bdh-rd.bne.es/viewer.vm?id=0000201148&page=1 ">http://bdh-rd.bne.es/viewer.vm?id=0000201148&page=1 </a> |
| Texto de enlace | Biblioteca Digital Hispánica |
| 942 ## - ELEMENTOS DE ENTRADA SECUNDARIOS (KOHA) | |
| Fuente del sistema de clasificación o colocación | Clasificación decimal universal |
| Estatus retirado | Estado de pérdida | Estado de daño | No para préstamo | Colección | Biblioteca de origen | Biblioteca actual | Ubicación en estantería | Fecha de adquisición | Fuente de adquisición | Total de préstamos | Signatura topográfica completa | Código de barras | Visto por última vez | Precio de reemplazo | Tipo de ítem Koha |
|---|---|---|---|---|---|---|---|---|---|---|---|---|---|---|---|
| Colección digital | Biblioteca del Ateneo de Madrid | Biblioteca del Ateneo de Madrid | Sala Pardo Bazán | 28/06/2017 | B-2860 | 1197783 | 23/02/2023 | 23/02/2023 | Libro impreso |
